00586 2200217 4500001002100000005001500021035002000036007000300056008004100059020001800100082001000118084001600128100002200144245006800166250001000234260004100244300002800285500002400313650002000337990001100357INLIS00000000000930420210727034512 a0010-0721000130ta210727 g 0 ind  a979-2458-27-1 a330.9 a330.9 REV m0 aREVRISOND, Baswir1 aMAFIA BERKELEY:dan Krisis Ekonomi Indonesia /cRevrisond Baswir acet.1 aYogyakarta :bPUSTAKA PELAJAR,c2006 avii, 280 hlm. ;c21 cm. aIndeks:hlm. 276-280 4aEKONOMI KEADAAN a7327 a